Les prénoms des filles les plus intelligentes - Statistiques

Statistiques générales
  • Ce quiz a été pris 4 286 fois
  • Le résultat moyen est 3 sur 10
Statistiques - réponses
TOP QI Prénoms % Correct
9 115 Lou
63%
1 159 Marie
59%
10 109 Louise
45%
7 125 Chloé
37%
3 146 Jeanne
28%
6 129 Alice
27%
2 151 Margaux
22%
4 140 Agathe
17%
8 119 Romane
16%
5 133 Alexandra
9%
Aucun quiz correspondant
Distribution des résultats
% des personnes avec chaque résultat
Percentile par nombre de réponses
Votre historique - résultats
Vous n’avez pas pris ce quiz